Statistiques concernant Régions et collectivités françaises - Carte

Cliquez ici pour prendre le quiz!

Statistiques générales

  • Ce quiz a été pris 79 fois
  • Le résultat moyen est 21 sur 24

Réponses sur la Carte

Les réponses sont colorées sur une échelle allant du rouge au vert en fonction du pourcentage des utilisateurs qui les ont devinées à leur premier essai. Vous pouvez retrouver ces pourcentages ci-dessous.
 

Statistiques - réponses

Type de quizSubdivision% Correct
Metropolitan regionBretagne
100%
Overseas regionGuyane française
98%
Metropolitan regionÎle-de-France
97%
Overseas regionMartinique
97%
Metropolitan regionOccitanie
97%
Metropolitan regionGrand Est
95%
Overseas regionGuadeloupe
95%
Metropolitan regionNormandie
95%
Metropolitan regionNouvelle-Aquitaine
95%
Metropolitan regionProvence-Alpes-Côte d'Azur
95%
Metropolitan regionAuvergne-Rhône-Alpes
94%
Metropolitan regionHauts-de-France
92%
Overseas regionRéunion
92%
Overseas regionMayotte
90%
Metropolitan regionPays de la Loire
90%
Metropolitan regionBourgogne-Franche-Comté
87%
Metropolitan regionCentre-Val de Loire
87%
Metropolitan regionCorse
86%
Sui generis collectivityNouvelle Calédonie
83%
Overseas collectivitySaint Pierre et Miquelon
81%
Overseas collectivityPolynésie française
78%
Overseas collectivityWallis et Futuna
73%
Overseas collectivitySaint Barthélemy
70%
Overseas collectivitySaint Martin
68%

Distribution des résultats

Percentile par nombre de réponses

% des personnes avec chaque résultat

Votre développement - résultats

Vous n’avez pas pris ce quiz